Jason Biggs Filmography - Statistics

General Stats
  • This quiz has been taken 24 times
    4 since last reset
  • The average score is 21 of 88
Answer Stats
Type Year Name % Correct
Film 1999 American Pie
100%
Film 2001 American Pie 2
100%
Film 2012 American Reunion
100%
Film 2003 American Wedding
100%
Web Series 2013-2019 Orange Is the New Black
75%
TV Show 2022 Law & Order: Special Victims Unit
50%
Film 2000 Loser
50%
TV Show 2012 8 Out of 10 Cats
25%
Film 2016 Amateur Night
25%
TV Film 2017 Angry Angel
25%
Film 2003 Anything Else
25%
TV Show 1994-1995 As the World Turns
25%
Film 2023 Best. Christmas. Ever.
25%
TV Show 2006 Blowin' Up
25%
Web Series 2024 Blue Ribbon Baking Championship
25%
Film 2000 Boys and Girls
25%
Film 1997 Camp Stories
25%
TV Show 2021 Celebrity Game Face
25%
TV Film 2017 Charlie Foxtrot
25%
TV Show 2023 Dancing with the Stars
25%
Web Series 2014 Deadbeat
25%
Film 2018 Dear Dictator
25%
Film 1999 Detroit Rock City
25%
TV Show 1991-1992 Drexell's Class
25%
Film 2006 Eight Below
25%
Film 2007 Farce of the Penguins
25%
TV Show 2004 Frasier
25%
Film 2012 Grassroots
25%
Film 2005 Guy X
25%
TV Pilot 2009 Happiness Isn't Everything
25%
TV Show 2014, 2016 Hollywood Game Night
25%
TV Film 2007 I'm in Hell
25%
Film 2019 Jay and Silent Bob Reboot
25%
Film 2001 Jay and Silent Bob Strike Back
25%
Film 2004 Jersey Girl
25%
Short Film 2009 Kidnapping Caitlynn
25%
Film 2008 Lower Learning
25%
TV Show 2011 Mad Love
25%
TV Short 1990 Mike Mulligan and His Steam Shovel
25%
Film 2025 Miracle on 74th Street
25%
Film 2008 My Best Friend's Girl
25%
TV Show 2016 Nightcap
25%
TV Show 2002 Off Centre
25%
Film 2024 Operation Taco Gary's
25%
TV Show 2020 Outmatched
25%
Film 2008 Over Her Dead Body
25%
Film 2001 Prozac Nation
25%
Film 2001 Saving Silverman
25%
TV Show 2004 Sesame Street
25%
Music Video 2000 Teenage Dirtbag
25%
TV Show 2012-2014 Teenage Mutant Ninja Turtles
25%
Film 2024 The 4:30 Movie
25%
TV Show 2019 The Bachelorette
25%
Film 1991 The Boy Who Cried B***h
25%
Short Film 2007 The Glitch
25%
Web Series 2017 The Good Fight
25%
TV Show 2012, 2013 The Good Wife
25%
TV Show 2020 The Masked Singer
25%
Film 2020 The Subject
25%
TV Show 2018 The Ten
25%
Short Film 2010 The Third Rule
25%
TV Show 2018 The Wendy Williams Show
25%
TV Show 1997 Total Security
25%
TV Film 2010 True Love
25%
Film 2006 Wedding Daze
25%
Film 2017 Who We Are Now
25%
TV Show 2005 Will & Grace
25%
TV Film 2013 Yukon Kornelius
25%
Theater 2008 Boys' Life
0%
Commercial 1996 Burger King
0%
TV Show 2021 Cheeries Wild
0%
Theater 1992-1993 Conversations with My Father
0%
Commercial 2004 Diet Pepsi
0%
TV Show 2023-Present Dinner and a Movie
0%
Film TBA Getaway
0%
TV Show 2016 I Like You Just the Way I Am
0%
TV Show 2002 In the Mix
0%
TV Show 2021 Jason Biggs' Cash at Your Door
0%
Theater 2004-2005 Modern Orthodox
0%
TV Show 2018 My Partner Knows Best
0%
Web Special 2023 Schoolhouse Rock! 50th Anniversary Singalong
0%
Commercial 1998 School Sport
0%
Commercial 2015 Telecharge.com
0%
Theater 2002-2003 The Graduate
0%
Theater 2015 The Heidi Chronicles
0%
Theater 2003 The Play What I Wrote
0%
TV Show 2011, 2012 The Soup
0%
Commercial 2019 U.S. Cellular
0%
No matching quizzes found
Score Distribution
Percent of People with Each Score
Percentile by Number Answered
Your Score History
You have not taken this quiz since the last reset